Clasificación histórica Segunda División de España - Estadísticas

Estadísticas generales
  • Esta prueba ha sido intentada 319 veces
  • La puntuación promedio es 23 de 30
Estadísticas de respuestas
Posición Temporadas Puntos Club % Correcto
50 2124 Real Sporting de Gijón
93%
23º 36 1290 Real Racing Club de Santander
90%
13º 41 1501 R.C. Deportivo de La Coruña
89%
40 1655 Real Oviedo
89%
22º 32 1293 R.C. Celta de Vigo
88%
12º 36 1542 Real Valladolid C.F.
88%
26º 26 1163 Real Zaragoza
88%
33 1689 U.D. Las Palmas
88%
29º 28 1143 Real Betis Balompié
87%
10º 41 1583 Cádiz C.F.
85%
46 2035 C.D. Tenerife
85%
15º 33 1498 Córdoba C.F.
84%
27º 33 1156 Granada C.F.
84%
14º 37 1500 R.C.D. Mallorca
84%
53 1978 Real Murcia C.F.
84%
11º 39 1555 Levante U.D.
83%
25º 25 1239 Albacete Balompié
82%
17º 38 1484 Deportivo Alavés
81%
38 1691 Rayo Vallecano
81%
39 1768 Elche C.F.
79%
38 1604 R.C. Recreativo de Huelva
79%
19º 37 1361 C.A. Osasuna
75%
18º 41 1440 C.D. Castellón
75%
21º 28 1295 S.D. Eibar
75%
43 1739 Hércules C.F.
71%
20º 34 1318 U.D. Salamanca
64%
28º 21 1147 C.D. Numancia de Soria
63%
16º 44 1492 C.E. Sabadell F.C.
47%
30º 25 1082 Xerez C.D.
47%
24º 33 1261 Real Madrid Castilla C.F.
35%
No se encontraron pruebas coincidentes
Distribución de puntuación
Porcentaje de gente con cada puntuación
Porcentaje por número respondido
Historial de tus puntuaciones
No has intentado esta prueba.